[Event "Oberliga Ost B 2016 2017"]
[Site "Germany"]
[Date "2016.12.04"]
[Round "4.1"]
[White "Teske, Henrik"]
[Black "De Visser, Leon"]
[Result "1-0"]
[WhiteElo "2487"]
[BlackElo "2258"]
[PlyCount "67"]
[EventDate "2016.10.16"]
[EventType "team-tourn"]
[EventCountry "GER"]
[WhiteTeam "Erfurt SV Empor"]
[BlackTeam "Frankfurt SC Brett vorm Kopp"]
[WhiteTeamCountry "GER"]
[BlackTeamCountry "GER"]

1. c4 c6 2. Nf3 d5 3. g3 Bg4 4. Bg2 e6 5. O-O Nd7 6. d3 Ngf6 7. Nc3 Be7 8. cxd5
exd5 9. h3 Bxf3 10. Bxf3 O-O 11. Qc2 Nc5 12. Bg2 Ne6 13. Rb1 a5 14. Bd2 d4 15.
Nd1 Nd5 16. a3 a4 17. Kh2 Qd7 18. e4 dxe3 19. fxe3 Nc5 20. d4 Nb3 21. Nc3 Nxd2
22. Qxd2 Nxc3 23. Qxc3 Bf6 24. b3 Be7 25. b4 Bd6 26. Rf3 Bc7 27. Bf1 Qd5 28.
Kg2 b5 29. Rc1 Ra6 30. Bd3 Rd8 31. Qc2 Re8 32. Bxh7+ Kh8 33. Qf5 Rxe3 34. Qxd5
1-0

[Event "Oberliga Ost B 2016 2017"]
[Site "Germany"]
[Date "2016.12.04"]
[Round "4.2"]
[White "Koch, Markus"]
[Black "Langheinrich, Ferenc"]
[Result "0-1"]
[WhiteElo "2168"]
[BlackElo "2381"]
[PlyCount "60"]
[EventDate "2016.10.16"]
[EventType "team-tourn"]
[EventCountry "GER"]
[WhiteTeam "Frankfurt SC Brett vorm Kopp"]
[BlackTeam "Erfurt SV Empor"]
[WhiteTeamCountry "GER"]
[BlackTeamCountry "GER"]

1. d4 d5 2. c4 e6 3. Nc3 Be7 4. cxd5 exd5 5. Bf4 c6 6. e3 Bf5 7. g4 Be6 8. Bd3
Nd7 9. h3 Nb6 10. Nge2 Nc4 11. Qc2 Nf6 12. Ng3 g6 13. O-O-O b5 14. e4 Rc8 15.
e5 Nd7 16. Nf5 Ndb6 17. h4 gxf5 18. gxf5 c5 19. fxe6 fxe6 20. Bxc4 Nxc4 21. Qe2
cxd4 22. Qh5+ Kd7 23. Rxd4 Kc6 24. Qh6 Qg8 25. Nxd5 Bf8 26. Qf6 Kc5 27. Rhd1
exd5 28. Qa6 Nb6 29. Qxa7 Qg6 30. Rxd5+ Kb4+ 0-1

[Event "Oberliga Ost B 2016 2017"]
[Site "Germany"]
[Date "2016.12.04"]
[Round "4.3"]
[White "Friedrich, Wiede"]
[Black "Wendel, Stephan"]
[Result "1/2-1/2"]
[WhiteElo "2302"]
[BlackElo "2273"]
[PlyCount "57"]
[EventDate "2016.10.16"]
[EventType "team-tourn"]
[EventCountry "GER"]
[WhiteTeam "Erfurt SV Empor"]
[BlackTeam "Frankfurt SC Brett vorm Kopp"]
[WhiteTeamCountry "GER"]
[BlackTeamCountry "GER"]

1. d4 d5 2. c4 c6 3. cxd5 cxd5 4. Nc3 Nf6 5. Bf4 Nc6 6. e3 Bf5 7. Qb3 Na5 8.
Qa4+ Bd7 9. Qc2 e6 10. Nf3 Nc6 11. a3 Be7 12. Bd3 Rc8 13. O-O O-O 14. Ne5 Be8
15. Qe2 Nd7 16. Nxc6 Rxc6 17. Nb5 Qa8 18. Nc7 Qc8 19. Nb5 Qa8 20. e4 Nf6 21.
Nc7 Qd8 22. e5 Nd7 23. Nxe8 Rxe8 24. Rac1 Qb6 25. Be3 Rec8 26. Rcd1 f5 27. exf6
Bxf6 28. Rfe1 Nf8 29. h3 1/2-1/2

[Event "Oberliga Ost B 2016 2017"]
[Site "Germany"]
[Date "2016.12.04"]
[Round "4.4"]
[White "Wege, Jochen"]
[Black "Urban, Lars"]
[Result "1/2-1/2"]
[WhiteElo "2295"]
[BlackElo "2196"]
[PlyCount "107"]
[EventDate "2016.10.16"]
[EventType "team-tourn"]
[EventCountry "GER"]
[WhiteTeam "Frankfurt SC Brett vorm Kopp"]
[BlackTeam "Erfurt SV Empor"]
[WhiteTeamCountry "GER"]
[BlackTeamCountry "GER"]

1. e4 e6 2. d4 d5 3. Nc3 Nf6 4. e5 Nfd7 5. f4 c5 6. Nf3 Nc6 7. Be3 a6 8. Qd2 b5
9. Nd1 cxd4 10. Nxd4 Bb7 11. Nxc6 Bxc6 12. Qf2 Be7 13. Bd3 O-O 14. O-O f6 15.
Qh4 f5 16. Qf2 Rc8 17. Nc3 Bb7 18. Ne2 Nc5 19. Nd4 Qd7 20. Qe2 Rc7 21. g4 Nxd3
22. cxd3 Bc5 23. h3 g6 24. Rf2 Bxd4 25. Bxd4 Qe7 26. g5 Rfc8 27. Qe3 Qb4 28. h4
Rc2 29. Bc3 R2xc3 30. bxc3 Qxc3 31. Raf1 d4 32. Qh3 Qa3 33. h5 gxh5 34. Rd1 Rc1
35. Qxh5 Bc6 36. Rh2 Rxd1+ 37. Qxd1 Qc5 38. Kf2 b4 39. Kg3 Qb5 40. Qb3 Kg7 41.
Qc4 Qd5 42. Qxd5 Bxd5 43. Rb2 a5 44. Kf2 h6 45. gxh6+ Kxh6 46. Kg3 Kh5 47. Kh3
Kg6 48. Kg3 Kh5 49. Rc2 a4 50. Rb2 b3 51. axb3 Bxb3 52. Rb1 Kg6 53. Kf3 Kh5 54.
Kg3 1/2-1/2

[Event "Oberliga Ost B 2016 2017"]
[Site "Germany"]
[Date "2016.12.04"]
[Round "4.6"]
[White "Engel, Johannes"]
[Black "Weishaeutel, Moritz"]
[Result "0-1"]
[WhiteElo "2159"]
[BlackElo "1879"]
[PlyCount "80"]
[EventDate "2016.10.16"]
[EventType "team-tourn"]
[EventCountry "GER"]
[WhiteTeam "Frankfurt SC Brett vorm Kopp"]
[BlackTeam "Erfurt SV Empor"]
[WhiteTeamCountry "GER"]
[BlackTeamCountry "GER"]

1. d4 d5 2. c4 e6 3. Nc3 Nf6 4. Nf3 Be7 5. e3 Nbd7 6. Be2 dxc4 7. Bxc4 a6 8. a3
b5 9. Ba2 Bb7 10. O-O c5 11. Qe2 O-O 12. Rd1 cxd4 13. Nxd4 Qb6 14. e4 Bc5 15.
Nb3 Bd6 16. Be3 Qc7 17. Rac1 Bxh2+ 18. Kh1 Qb8 19. Na5 Be5 20. Nxb7 Qxb7 21.
Bb1 Rfd8 22. f4 Bxc3 23. Rxc3 Nf8 24. Bd4 Qe7 25. Rh3 Ng6 26. g3 e5 27. Be3
Rxd1+ 28. Qxd1 Rd8 29. Qc2 Qd7 30. Kg2 Ng4 31. Bc5 exf4 32. Rh5 Qd2+ 33. Kh3
Qxc2 34. Bxc2 Nf6 35. Rg5 fxg3 36. Rxg3 Nf4+ 37. Kh4 h6 38. Rb3 Rc8 39. Bd6
Ng6+ 40. Kg3 Rxc2 0-1

[Event "Oberliga Ost B 2016 2017"]
[Site "Germany"]
[Date "2016.12.04"]
[Round "4.7"]
[White "Sieber, Stephan"]
[Black "Syed, Tareq"]
[Result "1/2-1/2"]
[WhiteElo "2208"]
[BlackElo "2010"]
[PlyCount "26"]
[EventDate "2016.10.16"]
[EventType "team-tourn"]
[EventCountry "GER"]
[WhiteTeam "Erfurt SV Empor"]
[BlackTeam "Frankfurt SC Brett vorm Kopp"]
[WhiteTeamCountry "GER"]
[BlackTeamCountry "GER"]

1. e4 d6 2. d4 Nf6 3. f3 e5 4. Ne2 Nbd7 5. c4 c6 6. Nbc3 Be7 7. Be3 O-O 8. g4
d5 9. cxd5 cxd5 10. exd5 exd4 11. Bxd4 Nb6 12. Qb3 Nfxd5 13. O-O-O Qc7 1/2-1/2

[Event "Oberliga Ost B 2016 2017"]
[Site "Germany"]
[Date "2016.12.04"]
[Round "4.8"]
[White "Bagatsch, Thomas"]
[Black "Pichl, Michael"]
[Result "0-1"]
[WhiteElo "2101"]
[BlackElo "2055"]
[PlyCount "96"]
[EventDate "2016.10.16"]
[EventType "team-tourn"]
[EventCountry "GER"]
[WhiteTeam "Frankfurt SC Brett vorm Kopp"]
[BlackTeam "Erfurt SV Empor"]
[WhiteTeamCountry "GER"]
[BlackTeamCountry "GER"]

1. e4 c5 2. Nf3 g6 3. c3 Bg7 4. d4 cxd4 5. cxd4 d5 6. exd5 Nf6 7. Bb5+ Nbd7 8.
Nc3 O-O 9. O-O Nb6 10. Re1 a6 11. Bf1 Nbxd5 12. Bg5 Be6 13. Qd2 Rc8 14. Rac1
Nxc3 15. bxc3 Bc4 16. Bxc4 Rxc4 17. Ne5 Rc8 18. Qb2 b5 19. Nd3 Qd5 20. Bh4 e6
21. Nc5 Rc6 22. Nd3 Rc4 23. Re5 Qa8 24. Re2 Nd5 25. Nc5 Nf4 26. Re4 Nxg2 27.
Rg4 Nxh4 28. Rxh4 Rc8 29. Rh3 b4 30. Qb3 Qd5 31. Rd1 bxc3 32. Rxc3 Rxc3 33.
Qxc3 e5 34. Qb3 Qc6 35. Qd3 exd4 36. Nxa6 Qa4 37. a3 Rc3 38. Qf1 Rxa3 39. Nc7
Qd7 40. Nb5 Qg4+ 41. Kh1 Ra5 42. Rb1 Qf3+ 43. Kg1 d3 44. Qe1 Ra2 45. Nc3 Rc2
46. Rb8+ Bf8 47. Ne4 Qf4 48. Qb4 Rc1+ 0-1

[Event "Oberliga Ost B 2016 2017"]
[Site "Germany"]
[Date "2016.12.04"]
[Round "4.1"]
[White "Keller, Peter"]
[Black "Wehner, Janis"]
[Result "1-0"]
[WhiteElo "2285"]
[BlackElo "2210"]
[PlyCount "117"]
[EventDate "2016.10.16"]
[EventType "team-tourn"]
[EventCountry "GER"]
[WhiteTeam "Frankfurter TV"]
[BlackTeam "Erfurt SV Medizin"]
[WhiteTeamCountry "GER"]
[BlackTeamCountry "GER"]

1. e4 c5 2. Nf3 d6 3. d4 cxd4 4. Nxd4 Nf6 5. Nc3 a6 6. h3 e5 7. Nde2 Be6 8. g4
Nc6 9. Bg2 Be7 10. Be3 Rc8 11. Nd5 Bxd5 12. exd5 Na5 13. b3 Nd7 14. Qd2 h5 15.
g5 g6 16. O-O Qc7 17. h4 O-O 18. c4 b6 19. Rac1 Nb7 20. Be4 Nbc5 21. Bb1 a5 22.
Ng3 Rfe8 23. Qc2 e4 24. Bd4 Bf8 25. Qd1 Re7 26. Rc3 Rce8 27. Re3 Ne5 28. Nxe4
Nxe4 29. Rxe4 Bg7 30. Kg2 Ng4 31. Rfe1 Rxe4 32. Rxe4 Rxe4 33. Bxe4 Ne5 34. Kg3
Qe7 35. Qe2 Nd7 36. Bxg7 Kxg7 37. f4 f5 38. Bd3 Qxe2 39. Bxe2 Nc5 40. Kf3 Ne4
41. Bd3 Nc5 42. Bc2 Kf7 43. Ke3 Ke7 44. a3 Kd7 45. Kd4 Na6 46. Kc3 Ke7 47. b4
axb4+ 48. axb4 Nc7 49. Ba4 Kd8 50. Bc6 Ke7 51. Bb7 Kd8 52. Kd4 Ke7 53. c5 bxc5+
54. bxc5 dxc5+ 55. Kxc5 Ne8 56. Bc8 Nd6 57. Be6 Nb7+ 58. Kb6 Nd6 59. Kc6 1-0

[Event "Oberliga Ost B 2016 2017"]
[Site "Germany"]
[Date "2016.12.04"]
[Round "4.2"]
[White "Hausknecht, Matthias"]
[Black "Telljohann, Sven"]
[Result "0-1"]
[WhiteElo "2186"]
[BlackElo "2409"]
[PlyCount "54"]
[EventDate "2016.10.16"]
[EventType "team-tourn"]
[EventCountry "GER"]
[WhiteTeam "Erfurt SV Medizin"]
[BlackTeam "Frankfurter TV"]
[WhiteTeamCountry "GER"]
[BlackTeamCountry "GER"]

1. Nf3 g6 2. e4 c6 3. d4 d5 4. exd5 cxd5 5. Ne5 Nf6 6. Bd3 Nc6 7. c3 Bg7 8. f4
Bf5 9. O-O Bxd3 10. Qxd3 e6 11. Nd2 O-O 12. b3 Qc7 13. Bb2 Ne7 14. a4 Nf5 15.
a5 Nd6 16. c4 dxc4 17. bxc4 Rfd8 18. Ndf3 h6 19. Rfc1 Nf5 20. Rd1 Nd7 21. Qb3
Rac8 22. Rdc1 Nxe5 23. fxe5 g5 24. h3 Qc6 25. Qd3 Ne7 26. Qe2 Ng6 27. Ba3 Nf4
0-1

[Event "Oberliga Ost B 2016 2017"]
[Site "Germany"]
[Date "2016.12.04"]
[Round "4.3"]
[White "Rutkowski, Ingo"]
[Black "Nguyen, Huy Dat"]
[Result "1/2-1/2"]
[WhiteElo "2168"]
[BlackElo "2174"]
[PlyCount "59"]
[EventDate "2016.10.16"]
[EventType "team-tourn"]
[EventCountry "GER"]
[WhiteTeam "Frankfurter TV"]
[BlackTeam "Erfurt SV Medizin"]
[WhiteTeamCountry "GER"]
[BlackTeamCountry "GER"]

1. e4 c5 2. Nf3 d6 3. d4 cxd4 4. Nxd4 Nf6 5. Nc3 a6 6. Be2 e5 7. Nb3 Be7 8. Be3
Be6 9. O-O O-O 10. f4 exf4 11. Rxf4 Nc6 12. Nd4 Nxd4 13. Bxd4 Qc7 14. Qd3 Nd7
15. Qg3 Ne5 16. Rd1 Rac8 17. Bd3 Bd8 18. Kh1 Qe7 19. Be2 Qg5 20. Qf2 Qh6 21.
Qg3 Bg5 22. Rff1 Ng6 23. Bg1 Bf4 24. Qf3 Be5 25. Bd3 Qh4 26. Ne2 Bg4 27. Qe3
Qe7 28. b3 Qc7 29. Rde1 Qa5 30. a4 1/2-1/2

[Event "Oberliga Ost B 2016 2017"]
[Site "Germany"]
[Date "2016.12.04"]
[Round "4.4"]
[White "Kirschbaum, Gunnar"]
[Black "Neininger, Ralph"]
[Result "1-0"]
[WhiteElo "2141"]
[BlackElo "2125"]
[PlyCount "65"]
[EventDate "2016.10.16"]
[EventType "team-tourn"]
[EventCountry "GER"]
[WhiteTeam "Erfurt SV Medizin"]
[BlackTeam "Frankfurter TV"]
[WhiteTeamCountry "GER"]
[BlackTeamCountry "GER"]

1. d4 d5 2. c4 dxc4 3. Nf3 a6 4. a4 Nc6 5. e3 Na5 6. Nbd2 Be6 7. Be2 Nf6 8. O-O
Bd5 9. Qc2 Nb3 10. Rb1 b5 11. axb5 axb5 12. e4 Nxd2 13. Nxd2 Bb7 14. d5 e6 15.
dxe6 fxe6 16. b3 c5 17. bxc4 Qd4 18. Rxb5 Bc6 19. Rb6 Rc8 20. Bf3 e5 21. Bb2
Qd8 22. Ra6 Bd6 23. Rd1 Bb7 24. Ra3 O-O 25. Nf1 Qc7 26. Ne3 g6 27. Nd5 Nxd5 28.
exd5 Rce8 29. Be4 Rf6 30. Bc1 Bc8 31. Bg5 Rff8 32. Rg3 Qg7 33. Qd2 1-0

[Event "Oberliga Ost B 2016 2017"]
[Site "Germany"]
[Date "2016.12.04"]
[Round "4.5"]
[White "Diyap, Murat"]
[Black "Reichel, Norbert"]
[Result "1-0"]
[WhiteElo "2084"]
[BlackElo "2131"]
[PlyCount "73"]
[EventDate "2016.10.16"]
[EventType "team-tourn"]
[EventCountry "GER"]
[WhiteTeam "Frankfurter TV"]
[BlackTeam "Erfurt SV Medizin"]
[WhiteTeamCountry "GER"]
[BlackTeamCountry "GER"]

1. e4 c5 2. Nf3 g6 3. Nc3 Bg7 4. d4 cxd4 5. Nxd4 Nc6 6. Nb3 Nf6 7. Be2 a5 8. a4
O-O 9. Be3 d6 10. Qd2 Ng4 11. Bxg4 Bxg4 12. Bh6 Re8 13. h4 Bh8 14. h5 Be6 15.
Nd5 Bxd5 16. hxg6 fxg6 17. exd5 Ne5 18. Nd4 Qb6 19. c3 Nc4 20. Qe2 e5 21. Nb5
Qc5 22. b3 Nb6 23. Be3 Qxd5 24. Bxb6 Qxg2 25. O-O-O Rec8 26. Qd2 Bg7 27. Qd5+
Qxd5 28. Rxd5 Ra6 29. Bc7 e4 30. c4 Rf8 31. Rh2 Be5 32. Rg2 Bf4+ 33. Kd1 Rf6
34. Ke2 Re6 35. c5 Re5 36. Rxd6 Re8 37. Rxa6 1-0

[Event "Oberliga Ost B 2016 2017"]
[Site "Germany"]
[Date "2016.12.04"]
[Round "4.6"]
[White "Mueller Ludwig, Kristin"]
[Black "Du Maire, Jerome"]
[Result "1/2-1/2"]
[WhiteElo "2078"]
[BlackElo "2169"]
[PlyCount "90"]
[EventDate "2016.10.16"]
[EventType "team-tourn"]
[EventCountry "GER"]
[WhiteTeam "Erfurt SV Medizin"]
[BlackTeam "Frankfurter TV"]
[WhiteTeamCountry "GER"]
[BlackTeamCountry "GER"]

1. e4 e6 2. d4 d5 3. Nc3 Nc6 4. e5 f6 5. Bb5 Bd7 6. Nf3 Qe7 7. O-O Qf7 8. Re1
O-O-O 9. a3 Nge7 10. b4 Ng6 11. Bxc6 Bxc6 12. Qe2 Re8 13. Rb1 h6 14. Rb3 fxe5
15. dxe5 Nf4 16. Bxf4 Qxf4 17. Qe3 Qxe3 18. Rxe3 Be7 19. Nd4 Bd7 20. Nce2 g5
21. f4 Kd8 22. Rf3 Ref8 23. Rbc3 c6 24. Rf1 Ke8 25. g3 Bd8 26. Kg2 Bb6 27. fxg5
hxg5 28. Rcf3 Bc7 29. Re3 Rxf1 30. Kxf1 Rxh2 31. Nf3 Rh1+ 32. Kg2 Bb6 33. Rb3
Rd1 34. Rd3 Rxd3 35. cxd3 Be3 36. Kh3 Kf7 37. Kg4 Kg6 38. Nfd4 b6 39. Kf3 Bd2
40. Nb3 Be1 41. Kg2 a5 42. bxa5 Bxa5 43. Nxa5 bxa5 44. g4 c5 45. d4 c4 1/2-1/2

[Event "Oberliga Ost B 2016 2017"]
[Site "Germany"]
[Date "2016.12.04"]
[Round "4.7"]
[White "Krzesinski, Paul"]
[Black "Jakob, Matthias"]
[Result "1/2-1/2"]
[WhiteElo "2046"]
[BlackElo "2068"]
[PlyCount "142"]
[EventDate "2016.10.16"]
[EventType "team-tourn"]
[EventCountry "GER"]
[WhiteTeam "Frankfurter TV"]
[BlackTeam "Erfurt SV Medizin"]
[WhiteTeamCountry "GER"]
[BlackTeamCountry "GER"]

1. e4 Nc6 2. Nf3 d6 3. d4 Nf6 4. Nc3 g6 5. h3 Bg7 6. Be3 O-O 7. Qd2 e5 8. O-O-O
exd4 9. Nxd4 Re8 10. f3 a6 11. Bh6 Qe7 12. Bxg7 Kxg7 13. g4 Qe5 14. f4 Qxd4 15.
Qxd4 Nxd4 16. Rxd4 Bd7 17. Bg2 Bc6 18. Re1 h6 19. Rd2 Nd7 20. Nd5 Bxd5 21. Rxd5
f6 22. h4 Re7 23. Red1 Rae8 24. g5 Nb6 25. gxf6+ Kxf6 26. R5d4 Kg7 27. a4 a5
28. b3 Rf8 29. e5 dxe5 30. fxe5 c6 31. Re1 Rfe8 32. Rg1 Rxe5 33. Kb2 Rf8 34.
Rg4 Rf6 35. Be4 Ree6 36. Rd1 Rd6 37. Bd3 Nd5 38. Re1 Rde6 39. Reg1 Ne7 40. Rd4
Rd6 41. Rdg4 Rfe6 42. Ka3 Re5 43. Kb2 Ree6 44. Ka3 Nd5 45. Kb2 Nb4 46. Bc4 Re7
47. R1g2 Nd5 48. Bd3 Ree6 49. Rg1 Nb4 50. Bc4 Re5 51. R1g2 b5 52. axb5 cxb5 53.
Be2 Rc5 54. Bf3 Nc6 55. Be4 Ne5 56. R4g3 b4 57. Rg1 Rc7 58. Re1 Re7 59. Reg1
Nc4+ 60. bxc4 Rxe4 61. Rg4 Re3 62. Ra1 Re5 63. Rag1 Rc6 64. Rd1 Re7 65. Rd5
Rec7 66. Kb3 Rc5 67. Rd6 g5 68. Re4 gxh4 69. Rg4+ Rg5 70. Rxh4 Rg3+ 71. Kb2 Rg6
1/2-1/2

[Event "Oberliga Ost B 2016 2017"]
[Site "Germany"]
[Date "2016.12.04"]
[Round "4.8"]
[White "Nguyen, Ha Thanh"]
[Black "Ortinau, Peter"]
[Result "0-1"]
[WhiteElo "1704"]
[BlackElo "2070"]
[PlyCount "106"]
[EventDate "2016.10.16"]
[EventType "team-tourn"]
[EventCountry "GER"]
[WhiteTeam "Erfurt SV Medizin"]
[BlackTeam "Frankfurter TV"]
[WhiteTeamCountry "GER"]
[BlackTeamCountry "GER"]

1. e4 e5 2. Nf3 Nc6 3. Bc4 Nf6 4. d3 Bc5 5. c3 a6 6. O-O Ba7 7. Bb3 O-O 8. Nbd2
d5 9. exd5 Nxd5 10. Ne4 h6 11. h3 f5 12. Ng3 Kh7 13. Bc2 Qd6 14. Ne2 Bd7 15. d4
e4 16. Nd2 Rae8 17. Nc4 Qf6 18. Ne3 Nxe3 19. fxe3 Nd8 20. b3 c6 21. Bd2 Bb8 22.
Be1 Qg5 23. Qd2 Ne6 24. Rd1 Bc8 25. c4 Kh8 26. Nf4 Nxf4 27. exf4 Qh5 28. Qe3
Ba7 29. Kh1 Rd8 30. Qc3 Rfe8 31. Bf2 Be6 32. Be3 Bf7 33. Qe1 Rd6 34. Qf2 Red8
35. Rd2 Qg6 36. Rfd1 Qf6 37. Bb1 Bh5 38. Re1 Bxd4 39. Bxd4 Rxd4 40. Rxd4 Rxd4
41. Qe3 Qd6 42. Kg1 Rd1 43. Kf1 Rxe1+ 44. Qxe1 Qxf4+ 45. Qf2 Qc1+ 46. Qe1 Qxe1+
47. Kxe1 g5 48. c5 Kg7 49. Bc2 Kf6 50. Kf2 Ke5 51. Ke3 Bf7 52. a3 f4+ 53. Ke2
Kd4 0-1

[Event "Oberliga Ost B 2016 2017"]
[Site "Germany"]
[Date "2016.12.04"]
[Round "4.1"]
[White "Lubbe, Nikolas"]
[Black "Zimmermann, Hendrik"]
[Result "1-0"]
[WhiteElo "2500"]
[BlackElo "2157"]
[PlyCount "57"]
[EventDate "2016.10.16"]
[EventType "team-tourn"]
[EventCountry "GER"]
[WhiteTeam "Neuberg SF"]
[BlackTeam "Frankfurt SC Koenig Nied"]
[WhiteTeamCountry "GER"]
[BlackTeamCountry "GER"]

1. e4 c5 2. Nf3 d6 3. d4 cxd4 4. Nxd4 Nf6 5. Nc3 a6 6. Be3 e5 7. Nf3 Qc7 8. a4
Be7 9. a5 h6 10. Bb6 Qc6 11. Nd5 Nxd5 12. exd5 Qd7 13. Be2 O-O 14. Nd2 Bd8 15.
Nc4 Qe7 16. Bxd8 Rxd8 17. Nb6 Ra7 18. O-O Bf5 19. c4 Nd7 20. b4 Nxb6 21. axb6
Raa8 22. Qd2 Rac8 23. Rac1 Bg6 24. Rfd1 f5 25. c5 Be8 26. c6 Bf7 27. c7 Rf8 28.
Qc3 Ra8 29. Bxa6 1-0

[Event "Oberliga Ost B 2016 2017"]
[Site "Germany"]
[Date "2016.12.04"]
[Round "4.2"]
[White "Uwira, Oliver"]
[Black "Lubbe, Melanie"]
[Result "1/2-1/2"]
[WhiteElo "2254"]
[BlackElo "2261"]
[PlyCount "84"]
[EventDate "2016.10.16"]
[EventType "team-tourn"]
[EventCountry "GER"]
[WhiteTeam "Frankfurt SC Koenig Nied"]
[BlackTeam "Neuberg SF"]
[WhiteTeamCountry "GER"]
[BlackTeamCountry "GER"]

1. d4 Nf6 2. c4 g6 3. Nc3 Bg7 4. e4 d6 5. f3 O-O 6. Nge2 a6 7. Be3 c6 8. c5 b5
9. cxd6 exd6 10. Qd2 Nbd7 11. Nf4 Nb6 12. h4 h5 13. Rc1 Nc4 14. Bxc4 bxc4 15.
Nd1 d5 16. e5 Nh7 17. Nf2 c5 18. O-O Qxh4 19. Nxd5 Rd8 20. Nf6+ Nxf6 21. exf6
Bxf6 22. Rxc4 Bxd4 23. Bg5 Bxf2+ 24. Rxf2 Rxd2 25. Bxh4 Rxf2 26. Kxf2 Be6 27.
Rxc5 Bxa2 28. Bf6 Be6 29. Kg3 Ra7 30. Rc6 Kf8 31. Rd6 Ra8 32. Rd8+ Rxd8 33.
Bxd8 Kg7 34. Kf2 f6 35. g3 g5 36. Bc7 h4 37. f4 h3 38. fxg5 fxg5 39. Be5+ Kg6
40. Kg1 Kf5 41. Bh8 Ke4 42. Kh2 g4 1/2-1/2

[Event "Oberliga Ost B 2016 2017"]
[Site "Germany"]
[Date "2016.12.04"]
[Round "4.3"]
[White "Kuenstler, Christian"]
[Black "Staller, Peter"]
[Result "1/2-1/2"]
[WhiteElo "2259"]
[BlackElo "2264"]
[PlyCount "81"]
[EventDate "2016.10.16"]
[EventType "team-tourn"]
[EventCountry "GER"]
[WhiteTeam "Neuberg SF"]
[BlackTeam "Frankfurt SC Koenig Nied"]
[WhiteTeamCountry "GER"]
[BlackTeamCountry "GER"]

1. d4 g6 2. e4 Bg7 3. Nc3 d6 4. Be3 e6 5. Qd2 h6 6. f3 Ne7 7. Nh3 a6 8. Nf2 b6
9. Be2 Bb7 10. O-O Nd7 11. Rad1 d5 12. Rfe1 b5 13. exd5 exd5 14. Bf1 Nf8 15.
Nd3 Ne6 16. Nf4 Nxf4 17. Bxf4 g5 18. Be5 f6 19. Bg3 Kf7 20. Bd3 Qd7 21. Ne2
Rhe8 22. Nc1 Nc6 23. c3 Rxe1+ 24. Rxe1 Re8 25. Nb3 Rxe1+ 26. Qxe1 Bf8 27. Qe2
Bc8 28. f4 g4 29. f5 h5 30. h3 Qe7 31. hxg4 Qxe2 32. Bxe2 hxg4 33. Bxg4 Ne7 34.
Bxc7 Bxf5 35. Bf3 Bh6 36. Kf2 Bb1 37. Nc5 Bc1 38. b3 Bb2 39. Ba5 Bxa2 40. Nd3
Ba1 41. Nc1 1/2-1/2

[Event "Oberliga Ost B 2016 2017"]
[Site "Germany"]
[Date "2016.12.04"]
[Round "4.4"]
[White "Chandler, Patrick"]
[Black "Wahedi, Ahmad Siar"]
[Result "0-1"]
[WhiteElo "2154"]
[BlackElo "2294"]
[PlyCount "148"]
[EventDate "2016.10.16"]
[EventType "team-tourn"]
[EventCountry "GER"]
[WhiteTeam "Frankfurt SC Koenig Nied"]
[BlackTeam "Neuberg SF"]
[WhiteTeamCountry "GER"]
[BlackTeamCountry "GER"]

1. d4 d5 2. Nf3 Nf6 3. c4 c6 4. Nc3 dxc4 5. g3 g6 6. Bg2 Bg7 7. Ne5 Ng4 8. Nxg4
Bxg4 9. d5 O-O 10. O-O cxd5 11. h3 Be6 12. Nxd5 Nc6 13. Rb1 Qc8 14. Nf4 Rd8 15.
Qa4 a6 16. Nxe6 Qxe6 17. Be3 b5 18. Qa3 Bd4 19. Bxd4 Rxd4 20. b3 c3 21. Qc5 Rd6
22. Qxc3 Nd4 23. Qa5 Nxe2+ 24. Kh2 Rc8 25. a4 Rc2 26. axb5 Nxg3 27. fxg3 Qe4
28. Rg1 Rdd2 29. Qxd2 Rxd2 30. Rbd1 Rb2 31. bxa6 Qa8 32. Rd7 Qxa6 33. Rxe7 Qf6
34. Ree1 Rxb3 35. Rgf1 Qd6 36. Rf3 Rb2 37. Rg1 Qd2 38. Kh1 Qe2 39. Rc3 Kg7 40.
Rf3 h6 41. Rc3 h5 42. Rf3 g5 43. h4 f6 44. hxg5 fxg5 45. Rc3 g4 46. Rc7+ Kf6
47. Rc6+ Ke7 48. Rcc1 Qe5 49. Rge1 Re2 50. Rxe2 Qxe2 51. Rf1 Qc2 52. Rf4 Qb1+
53. Kh2 Qb8 54. Rc4 Kf6 55. Rc6+ Kg7 56. Rc4 Qe5 57. Re4 Qd6 58. Rc4 Qe5 59.
Rb4 Kh6 60. Rb6+ Kg7 61. Rb4 Kf6 62. Rb6+ Kg5 63. Bf1 Qe3 64. Rb5+ Kh6 65. Bg2
h4 66. gxh4 g3+ 67. Kh3 Qe6+ 68. Kxg3 Qd6+ 69. Kf2 Qd4+ 70. Ke1 Qe3+ 71. Kf1
Qd3+ 72. Kf2 Qxb5 73. Bf3 Qe5 74. Kg2 Qf4 0-1

[Event "Oberliga Ost B 2016 2017"]
[Site "Germany"]
[Date "2016.12.04"]
[Round "4.5"]
[White "Overbeck, Thorsten"]
[Black "Prenzler, Daniel"]
[Result "1-0"]
[WhiteElo "2311"]
[BlackElo "2237"]
[PlyCount "57"]
[EventDate "2016.10.16"]
[EventType "team-tourn"]
[EventCountry "GER"]
[WhiteTeam "Neuberg SF"]
[BlackTeam "Frankfurt SC Koenig Nied"]
[WhiteTeamCountry "GER"]
[BlackTeamCountry "GER"]

1. d4 Nf6 2. Nf3 c5 3. c3 e6 4. Bg5 cxd4 5. cxd4 d5 6. Nc3 Be7 7. e3 O-O 8. Bd3
Nc6 9. O-O Bd7 10. Qe2 Ne4 11. Bxe7 Nxc3 12. Bxh7+ Kh8 13. bxc3 Qxe7 14. Bd3 g6
15. e4 Rac8 16. Rfe1 Qf6 17. Rac1 Rc7 18. Qd2 Kg7 19. Bb5 Na5 20. Bf1 Bc6 21.
exd5 Bxd5 22. Ne5 Bc4 23. Ng4 Qh4 24. Qf4 Rfc8 25. g3 Qh5 26. Re5 f5 27. Rxa5
b6 28. Qe5+ Kf7 29. Bxc4 1-0

[Event "Oberliga Ost B 2016 2017"]
[Site "Germany"]
[Date "2016.12.04"]
[Round "4.7"]
[White "Schaffer, Hendrik"]
[Black "Perlitz, Sven"]
[Result "1-0"]
[WhiteElo "2267"]
[BlackElo "2065"]
[PlyCount "83"]
[EventDate "2016.10.16"]
[EventType "team-tourn"]
[EventCountry "GER"]
[WhiteTeam "Neuberg SF"]
[BlackTeam "Frankfurt SC Koenig Nied"]
[WhiteTeamCountry "GER"]
[BlackTeamCountry "GER"]

1. d4 Nf6 2. c4 g6 3. Nc3 d5 4. Bf4 Bg7 5. e3 O-O 6. Rc1 Be6 7. Qb3 b6 8. Nf3
c6 9. Be2 Nh5 10. cxd5 Nxf4 11. dxe6 Nxe6 12. Bc4 Nc7 13. Ne5 e6 14. O-O c5 15.
Rcd1 Qe7 16. f4 cxd4 17. exd4 f6 18. Nf3 Nc6 19. Rfe1 Na5 20. Bxe6+ Kh8 21. Qa3
Qxa3 22. bxa3 Nxe6 23. Rxe6 Rfe8 24. Rde1 Rxe6 25. Rxe6 Kg8 26. Re7 Bf8 27. Rd7
Bg7 28. Nd5 Nc4 29. Nc7 Rc8 30. Ne6 Bh6 31. g3 Ne3 32. Kf2 Ng4+ 33. Ke2 Rc3 34.
h3 Re3+ 35. Kd2 Rxf3 36. hxg4 Rxg3 37. Rxa7 Rxg4 38. Ke3 Rg2 39. d5 g5 40. d6
gxf4+ 41. Kf3 Rg3+ 42. Kf2 1-0